00922nam a22002537a 45000010005000000030006000050050017000110080041000280200018000690400029000870500017001160820008001331000030001412450038001712500041002092600035002503000023002855050007003085200238003155210018005535210018005716500027005896500052006166042FISKH20250303121358.0250226b cb ||||| |||| 00| 0 eng d a9780545631044 aFISKHbengcFISKHdFISKH aPZ7.F59938 S a159 aFleming, Davidd(1971–) aThe Saturday boy /cDavid Fleming aThis edition first published in 2014 aNew York :bScholastic,c20 cm a261 pages :c20 cm aR  aEvery school day seems to bring more trouble to eleven-year-old Derek, whose former best friend bullies him, while at home he deals with the long absence of his father, a Blackhawk helicopter pilot, and his mother's sudden moodiness.8 a710 bLexile 8 aR bRaz-Plus  2FictionaArmy families 2Children-of-deployed-parentsaRealistic fiction